00690nam a2200193 a 450000100100000000500170001000800410002704000250006808200160009310000310010924500630014026000410020330000210024450000630026550400280032804900090035695201140036599900170047900002543320200930023802.0110216s2007 dr 000 0 spa d aDO-SdBNPbspacBNPHU axxxxbD567e1 aDieudonné, Sylvio95203710aEntre la gloria y la deseperación /cSylvio Dieudonné. aSanto Domingo / :bTavárez,c2007. a218 p. ;c21 cm. aIncluye datos biográficos del autor en la contracubierta aBibliografía : p. 218 aBNPD 0010718PDaPDbPDcCTd2011-02-16iLF1l0oxxxx D567ep25433-10r2020-06-25w2020-06-25yLFPDZNo se presta c24925d24925